| 000 | 00792nam a2200253 i 4500 | ||
|---|---|---|---|
| 001 | 77540 | ||
| 003 | ES-MaACL | ||
| 005 | 20250830075911.0 | ||
| 007 | t| | ||
| 008 | 041020s2004 sp ||||0| spa d | ||
| 020 | _a84-8432-544-X | ||
| 040 |
_aM-BN _bspa _cM-BN |
||
| 080 | _a929 Knipper, Olga | ||
| 100 | 1 |
_aBeevor, Antony. _927032 |
|
| 245 | 1 | 3 |
_aEl misterio de Olga Chejova / _cAntony Beevor ; traducción castellana de David León Gómez. |
| 260 |
_aBarcelona : _bCrítica, _c[2004] |
||
| 300 |
_aXIII, 334 p., [16] p. de lám. ; _c24 cm. |
||
| 504 | _aBibliografía: p. [305]-307. Öndice. | ||
| 600 | 1 | 4 |
_aKnipper, Olga. _968352 |
| 700 | 1 |
_aLeón Gómez, David _971619 |
|
| 852 |
_aES-MaACL _jL-28296 _bR.134204 |
||
| 999 |
_c77540 _d77540 |
||